000 00498nam a22001937a 4500
003 NUST - PNEC
005 20170116180802.0
008 150414b xxu||||| |||| 00| 0 eng d
020 _a-
040 _cLIBRARY
082 _a297.51 NAD
100 _92582
_aNadwi Syed Abul Hasan Ali
245 _aFour Pillars Of Islam
_cSyed Abul Hasan Ali Nadwi
250 _a1st ed
260 _aPakiatan
_bDawah Academy
_cc1998.
300 _a318p. :
650 _92583
_aIslam
_xGeneral
942 _2ddc
_cBK
999 _c62990
_d62990